banner-ar

المنشآت المائية فى واحة الخارجة بالصحراء الغربية فى العصر الإسلامى : (Record no. 67610)

MARC details
000 -الفاتح
حقل البيانات ثابتة الطول 01081nam a2200253Ia 4500
005 - وقت وتاريخ اخر تعامل مع التسجيلة
رقم الضبط 20250622124033.0
008 - عناصر البيانات ثابتة الطول - معلومات عامة
حقل البيانات ثابتة الطول 250617s9999||||xx |||||||||||||| ||ara||
017 ## - رقم الايداع القانونى
رقم الايداع القانونى 2024/20070
المصدر ( الهيئة المختصة) مصر. دار الكتب
020 ## - الرقم الدولى المعيارى للكتب
الرقم الدولى المعيارى للكتاب 9789779614113
082 04 - رقم تصنيف ديوى العشرى
رقم التصنيف "720,47"
رقم المادة س م
100 0# - المدخل الرئيسى - إسم شخصى
الإسم الشخصى سهام أحمد إسماعيل أحمد بحر
245 10 - بيان العنوان
العنوان المنشآت المائية فى واحة الخارجة بالصحراء الغربية فى العصر الإسلامى :
بقية العنوان دراسة آثارية معمارية /
بيان المسئوليه,etc سهام أحمد إسماعيل أحمد بحر
250 ## - بيان الطبعة
بيان الطبعة ط1
260 3# - PUBLICATION, DISTRIBUTION, ETC. (IMPRINT)
تاريخ النشر أو التوزيع 2025.
300 ## - الوصف المادى
التعداد 560ص :
تفاصيل ماديه اخرى للوعاء إيض ؛
أبعاد الوعاء 24سم.
650 ## - المدخل الاضافى بالموضوع-مصطلح موضوعى
مصطلح موضوعي الخرسانة المسلحة
650 ## - المدخل الاضافى بالموضوع-مصطلح موضوعى
مصطلح موضوعي العمارة الإسلامية
650 ## - المدخل الاضافى بالموضوع-مصطلح موضوعى
مصطلح موضوعي العمارة والمجتمع
650 ## - المدخل الاضافى بالموضوع-مصطلح موضوعى
مصطلح موضوعي الفن الإسلامى
650 ## - المدخل الاضافى بالموضوع-مصطلح موضوعى
مصطلح موضوعي المنشآت المائية
التقسيم الفرعي العام عمارة
650 ## - المدخل الاضافى بالموضوع-مصطلح موضوعى
مصطلح موضوعي نظرية الإنشاءات
942 ## - عناصر المدخل الإضافي( كوها)
Koha [default] item type كتاب
260 3# - PUBLICATION, DISTRIBUTION, ETC. (IMPRINT)
-- الإسكندرية :
-- "دار الوفاء لدنيا الطباعة والنشر،"
Holdings
حالة التراجع حالة الفقد حالة تلف ليس للاعارة المكان المؤقت الموقع الحالى موقع الترفيف تاريخ الاكتساب اجمالي اﻻعارات تاريخ اخر مشاهدة تاريخ تفعيل السعر نوع وعاء كوها
        مكتبة القاهرة الكبرى مكتبة القاهرة الكبرى قاعة القاهرة_ك عربى 06/22/2025   06/22/2025 06/22/2025 كتاب

Powered By

EGPV